00554nam a2200193Ia 4500003000400000005001700004008004100021020002900062040001700091082002100108100002800129245008900157250001100246260003000257300001600287650001400303650001700317700002600334IIN20240125125835.0231217s9999 xx 000 0 und d cRs.625.00a9788131257869 aIINbEnglish a610.7 bVEN1 aVenkatraman, Sreemathy 1 aNutrition and Biochemistry for nursescSreemathy Venkatraman and Sucheta P. Dandekar a3rd ed bElsevieraNew Delhic2021 axvi, 524 p.1 aNutrition1 aBiochemistry1 aDandekar, Sucheta P.